Auditing and assurance services (Record no. 14048)

MARC details
000 -LEADER
fixed length control field 00505nam a22001697a 4500
003 - CONTROL NUMBER IDENTIFIER
control field URS
005 - DATE AND TIME OF LATEST TRANSACTION
control field 20220114171527.0
008 - FIXED-LENGTH DATA ELEMENTS--GENERAL INFORMATION
fixed length control field 170323b xxu||||| |||| 00| 0 eng d
020 ## - INTERNATIONAL STANDARD BOOK NUMBER
International Standard Book Number 139780071263795
050 ## - LIBRARY OF CONGRESS CALL NUMBER
Classification number HF5657
Item number A911
100 ## - MAIN ENTRY--PERSONAL NAME
Personal name Eilifsen, Aasmund
Relator code author
245 ## - TITLE STATEMENT
Title Auditing and assurance services
Statement of responsibility, etc. Aasmund Eilifsen, Eilefsen, Aasmund, William F. Messier
260 ## - PUBLICATION, DISTRIBUTION, ETC.
Place of publication, distribution, etc. London
Name of publisher, distributor, etc. McGraw-Hill
Date of publication, distribution, etc. 2007
300 ## - PHYSICAL DESCRIPTION
Extent xxiv, 665 pages;
700 ## - ADDED ENTRY--PERSONAL NAME
Relator code author
Personal name Messier, William F.
942 ## - ADDED ENTRY ELEMENTS (KOHA)
Koha item type Foreign Books
Source of classification or shelving scheme Library of Congress Classification
Holdings
Withdrawn status Source of classification or shelving scheme Damaged status Not for loan Collection code Home library Current library Shelving location Date acquired Total Checkouts Full call number Barcode Date last seen Price effective from Koha item type
  Library of Congress Classification     Non-fiction Binangonan College Library Binangonan College Library Foreign Section 06/07/2023   HF5657 A911 URSBIN-01176 02/29/2016 02/29/2016 Foreign Books
  Library of Congress Classification     Non-fiction Binangonan College Library Binangonan College Library Foreign Section 06/07/2023   HF5657 A911 URSBIN-01108 05/02/2016 05/02/2016 Foreign Books
  Library of Congress Classification     Non-fiction Binangonan College Library Binangonan College Library Foreign Section 06/07/2023   HF5657 A911 URSBIN-01109 05/02/2016 05/02/2016 Foreign Books

University of Rizal System
Email us at univlibservices@urs.edu.ph

Visit our Website www.urs.edu.ph/library